| 000 | 00653nam a2200169 a 4500 | ||
|---|---|---|---|
| 001 | 000037869 | ||
| 005 | 20240229073944.0 | ||
| 008 | 130307s1978 dr a 000 0 spa d | ||
| 040 |
_aDO-SdBNP _bspa _cBNPHU |
||
| 100 | 1 |
_aMorban Laucer, Fernándo _954241 |
|
| 245 | 1 | 3 |
_aEl arte rupestre de la República Dominicana petroglifos de la provincia de Azua / _cFernándo Morban Laucer ; prólogo José Chez Checo. |
| 260 |
_aSanto Domingo : _bFundación García Arévalo, _c1978. |
||
| 300 |
_a93 p. : _bils. ; _c27 cm. |
||
| 500 | _aIncluye notas al pie de páginas | ||
| 504 | _aBibliografía : p. 89-93 | ||
| 700 | 1 |
_aChez Checo, José, _d1949- _epról. _910145 |
|
| 999 |
_c37359 _d37359 |
||